Utilizeration of organic fertilizer on petsia (celerycage) At crop station of royal university of agriculture,(ការប្រើប្រាស់ជីធម្មជាតិទៅលើដំណាំស្ពៃចង្កឹះ នៅស្ថានីយ៍ពិសោធន៍ នៃសាកលវិទ្យាល័យភូមិន្ទកសិកម្ម) (Record no. 1171)

000 -LEADER
fixed length control field 00742nam a22001577a 4500
003 - CONTROL NUMBER IDENTIFIER
control field OSt
005 - DATE AND TIME OF LATEST TRANSACTION
control field 20150923173949.0
008 - FIXED-LENGTH DATA ELEMENTS--GENERAL INFORMATION
fixed length control field 150923b xxu||||| |||| 00| 0 eng d
040 ## - CATALOGING SOURCE
Transcribing agency RUA
082 ## - DEWEY DECIMAL CLASSIFICATION NUMBER
Classification number AGR TIM 2011 B048 Or.1
100 ## - MAIN ENTRY--PERSONAL NAME
9 (RLIN) 1227
Personal name TIM SOPHEAK
245 ## - TITLE STATEMENT
Title Utilizeration of organic fertilizer on petsia (celerycage) At crop station of royal university of agriculture,(ការប្រើប្រាស់ជីធម្មជាតិទៅលើដំណាំស្ពៃចង្កឹះ នៅស្ថានីយ៍ពិសោធន៍ នៃសាកលវិទ្យាល័យភូមិន្ទកសិកម្ម)
260 ## - PUBLICATION, DISTRIBUTION, ETC. (IMPRINT)
Place of publication, distribution, etc. phnom penh
Name of publisher, distributor, etc. RUA
Date of publication, distribution, etc. 2011
300 ## - PHYSICAL DESCRIPTION
Extent xi, 39p.
Dimensions ill.
Size of unit 29cm.
942 ## - ADDED ENTRY ELEMENTS (KOHA)
Source of classification or shelving scheme
Koha item type AGR
Holdings
Price effective from Date last seen Permanent Location Not for loan Date acquired Source of classification or shelving scheme Koha item type Lost status Withdrawn status Total Renewals Date last checked out Total Checkouts Shelving location Damaged status Barcode Current Location Full call number
2015-09-232017-08-02Library Block B 2015-09-23 AGR  32017-08-014B048 RUA000443Library Block BAGR TIM 2011 B048 Or.1
មជ្ឈមណ្ឌលឯការនៃសាកលវិទ្យាល័យភូមិន្ទកសិកម្មចំការដូង

Powered by Koha